000 00687cab a2200265 4500
001 WB2905-30
008 090401t1993 xxu||||| |||| 00| 0 eng d
035 _a(Sirsi) u43044
041 _aeng
245 _aMyopic stance
260 _c1993
350 _a0
490 _aEstates Times
_v(1174) 1 February 1993, 8(1)
520 _aDiscusses how much responsibility lenders bear for the poor loans of the 1980s.
650 _a1980S
650 _aFINANCIAL INSTITUTIONS
650 _aMORTGAGE LENDERS
650 _aMORTGAGES
650 _aNEGLIGENCE
650 _aPROPERTY LENDING
650 _aVALUERS
690 _aHOUSING-FINANCE
942 _n0
948 _c04/03/1997
999 _c27525
_d27525